000 00647nam a2200217 a 4500
999 _c6311
_d6311
001 6311
003 BD-JhCC
005 20180121102601.0
008 180121s1967 bg |||| ||a| 000 0 ben d
035 _a(BD-JhCC)6311
040 _aBD-JhCC
_dBD-JhCC
041 _aben
082 _a297.18
_bMOU 1966
100 _aমওদুদ, আবদুল
245 _aহযরত ওমর /
_cআবদুল মওদুদ
260 _aঢাকা :
_bকেন্দ্রীয় বাঙলা উন্নয়ন বোর্ড,
_c1966.
300 _a212 p. :
_c22 cm.
650 _aMuslim Legend
942 _2ddc
_cBK